| 000 | 00530nam a22001817i 4500 | ||
|---|---|---|---|
| 999 |
_c23571 _d23571 |
||
| 003 | AR-CdUCM | ||
| 008 | 260331b20192019 pea|||| |||| 00| 0 spa d | ||
| 020 | _a978-612-4465-01-7 | ||
| 040 |
_aMUNICIPALIDAD PROVINCIAL DEL CUSCO _cBIBLIOTECA MUNICIPAL DEL CUSCO |
||
| 041 | _hspa | ||
| 082 |
_aPI / 863 _bR96 |
||
| 100 |
_aRusca Jordán, Fiorella _952450 |
||
| 245 | _aCatalina y la Dopamina / | ||
| 300 |
_a28 páginas. : _c20x20 cm. |
||
| 856 | _fwww.editoriallaletheya.com | ||
| 942 |
_2ddc _cLIBROS |
||
| 945 |
_apbjr _d31-03-2026 |
||